LEADER 01091nam a2200265 u 4500 001 000000031559 003 CaOOAMICUS 005 20070226112144.0 008 971006s1979 gw a u000 u ger u 020 $a3590180102 035 $a10771526 040 $aPUL(R)$bita 100 1 $aBosch, Michael.$0(OLS)http://pul/name/25173 245 10$aAntisemitismus, Nationalsozialismus und Neonazismus /$cMichael Bosch. 260 $aDüsseldorf :$bPädagischer Verlag Schwann,$c1979. 300 $a152 p. ;$c21 cm 490 1 $aGeschichte und Sozialwissenschaften 830 0$aGeschichte und Sozialwissenschaften.$0(OLS)http://pul/title/43405 850 $aPUL 852 $aPUL$W1$xSL Religione 1$y3$m7(1) D 90$j43585$nBK-PRI$b $qStampati$B43585$CPULBib$Z2$F43585 $H $81 941 1 $a8 961 $aINV: 60925 996 $6020$a3590180102$9(OLS)http://pul/number/39605 996 $6245$aAntisemitismus, Nationalsozialismus und Neonazismus$9(OLS)http://pul/title/43404 996 $6260$aDüsseldorf :$bPädagischer Verlag Schwann$9(OLS)http://pul/publisher/61103 LEADER 01378nam a2200313 u 4500 001 000000111136 003 CaOOAMICUS 005 20080414104412.0 008 080414s2008 it ad u000 u ita u 020 $z978-88-16-40811-1* 040 $aPUL$bita$dMCT 041 1 $aita$hfre 100 1 $aRidoux, Nicolas.$0(OLS)http://pul/name/68212 240 13$aLa décroissance pour tous.$lItaliano.$0(OLS)http://pul/title/139724 245 13$aLa decrescita per tutti :$bmeno merci più giustizia /$cNicolas Ridoux ; prefazione di Jean-Claude Besson-Girard. 260 $aMilano :$bJaca Book,$c2008. 300 $a141 p. :$bill., grafici ;$c23 cm. 490 1 $aDi fronte e attraverso ;$v811 490 1 $aTerra terra 504 $aInclude riferimenti bibliografici. 650 4$aEconomia.$0(OLS)http://pul/subject/1893 830 0$aDi fronte e attraverso ;$v811.$0(OLS)http://pul/title/138 830 0$aTerra terra.$0(OLS)http://pul/title/97917 850 $aPUL 852 $aPUL$W1$xSL Diritto e Scienze Sociali 3$y79$m303. 44 RIDNI 1$j127415$qDDC 21$B126113$CPULBib$Z2$F126113 $H106962 $82 941 1 $a9 996 $6020$z978-88-16-40811-1*$9(OLS)http://pul/number/137678 996 $6245$aLa decrescita per tutti :$bmeno merci più giustizia$9(OLS)http://pul/title/139722 996 $6260$aMilano :$bJaca Book$9(OLS)http://pul/publisher/47900